Laws of Cambodia = Laws of Cambodia, 1993-1998

Shranjeno v:
Bibliografske podrobnosti
Format: Knjiga
Jezik:Undetermined
Izdano: Phnom Penh Cambodian Legal Resources Development Center 1998
Teme:
Law
Oznake: Označite
Brez oznak, prvi označite!
Thư viện lưu trữ: Trung tâm Học liệu Trường Đại học Cần Thơ
LEADER 00540nam a2200193Ia 4500
001 CTU_156358
008 210402s9999 xx 000 0 und d
082 |a 348.596023 
082 |b L425/Vol.2 
245 0 |a Laws of Cambodia = 
245 0 |b Laws of Cambodia, 1993-1998 
245 0 |c Edited by Sok Siphana 
260 |a Phnom Penh 
260 |b Cambodian Legal Resources Development Center 
260 |c 1998 
650 |a Law 
650 |z Cambodia 
904 |i Giang sửa 
980 |a Trung tâm Học liệu Trường Đại học Cần Thơ